Ley de educación no. 5650 /
Guardado en:
| Formato: | Libro |
|---|---|
| Publicado: |
San Miguel :
Organizaci¢n Escolar San Miguel, 0
|
| Materias: | |
| Etiquetas: |
Agregar Etiqueta
Sin Etiquetas, Sea el primero en etiquetar este registro!
|
| LEADER | 00718nam a22002175a 4500 | ||
|---|---|---|---|
| 001 | CEM.cems001249 | ||
| 005 | 20100601094427.0 | ||
| 008 | 130507b######################000#0#####d | ||
| 003 | CEMS | ||
| 082 | 0 | 4 | |a 379.14 |
| 245 | 0 | 0 | |a Ley de educación no. 5650 / |
| 260 | |a San Miguel : |b Organizaci¢n Escolar San Miguel, 0 | ||
| 300 | |a 14 p. | ||
| 653 | |a Buenos aires (prov.) | ||
| 653 | |a Educacion | ||
| 653 | |a Educacion primaria | ||
| 653 | |a Educacion provincial | ||
| 653 | |a Educacion-legislacion | ||
| 859 | |a CEMS |b BIB. CEMS - 11 de abril |h 379.14 |i B862-4 |p 16288.91 |t Ej.1 | ||
| 859 | |a CEMS |b BIB. CEMS - 11 de abril |h 379.14 |i B862-4 |p 16289.91 |t Ej.2 | ||
| 859 | |a CEMS |b BIB. CEMS - 11 de abril |h 379.14 |i B862-4 |p 17635.94 |t Ej.3 | ||
